书目信息 |
| 题名: |
MATLAB模糊逻辑工具箱的分析与应用
|
|
| 作者: | 闻新 编著 | |
| 分册: | ||
| 出版信息: | 北京 科学出版社 2001 |
|
| 页数: | 261页 | |
| 开本: | 26cm | |
| 丛书名: | MATLAB语言应用系列书 | |
| 单 册: | ||
| 中图分类: | TP391.75 | |
| 科图分类: | ||
| 主题词: | 计算机辅助计算 | |
| 电子资源: | ||
| ISBN: | 7-03-009244-9 | |
| 000 | 00694nam0 2200229 450 | |
| 001 | 0633108749 | |
| 005 | 20060116092216.37 | |
| 010 | @a7-03-009244-9@dCNY26.00 | |
| 092 | @aCN | |
| 100 | @a20060116d2001 km y0chiy0120 ea | |
| 101 | 0 | @achi |
| 102 | @aCN@b110000 | |
| 200 | 1 | @aMATLAB模糊逻辑工具箱的分析与应用@AMATLAB mo hu luo ji gong ju xiang de fen xi yu ying yong@f闻新等编著@Fwen xin deng bian zhu |
| 210 | @a北京@c科学出版社@d2001 | |
| 215 | 1 | @a261页@d26cm |
| 225 | 2 | @aMATLAB语言应用系列书 |
| 410 | 0 | @12001 @aMATLAB语言应用系列书 |
| 606 | 0 | @a计算机辅助计算 |
| 690 | @aTP391.75@v4 | |
| 701 | 0 | @a闻新@Awen xin@4编著 |
| 801 | 0 | @aCN@bPFT@c20060116 |
| 905 | @a10447@dTP391.75@e227 | |
| MATLAB模糊逻辑工具箱的分析与应用/闻新等编著.-北京:科学出版社,2001 |
| 261页;26cm.-(MATLAB语言应用系列书) |
| ISBN 7-03-009244-9:CNY26.00 |
| ● |
| 相关链接 |
|
|
|
|
正题名:MATLAB模糊逻辑工具箱的分析与应用
索取号:TP391.75/227
 
预约/预借
| 序号 | 登录号 | 条形码 | 馆藏地/架位号 | 状态 | 备注 |
| 1 | 0337948 | 203379487 | 第二样本阅览室/ [索取号:TP391.75/227] | 在馆 | |
| 2 | 0337949 | 203379496 | 密集书库/ [索取号:TP391.75/227] | 在馆 | |
| 3 | 0337950 | 203379502 | 密集书库/ [索取号:TP391.75/227] | 在馆 | |
| 4 | 0337951 | 203379511 | 第三借阅区/ [索取号:TP391.75/227] | 在馆 | |
| 5 | 0337952 | 203379520 | 第三借阅区/ [索取号:TP391.75/227] | 在馆 |